Yug-parivertan kaise aur kab (Record no. 439029)

000 -LEADER
fixed length control field 00373cam a22001097a 4500
008 - FIXED-LENGTH DATA ELEMENTS--GENERAL INFORMATION
fixed length control field 180718b1995 xxu||||| |||| 00| 0 eng d
100 ## - MAIN ENTRY--PERSONAL NAME
Personal name Vagmai, Sriram Sharma Aacharya
245 ## - TITLE STATEMENT
Title Yug-parivertan kaise aur kab
Statement of responsibility, etc. by Sriram Sharma Aacharya Vagmai;edited by Brahmverchsva
260 ## - PUBLICATION, DISTRIBUTION, ETC.
Place of publication, distribution, etc. Mathura
Name of publisher, distributor, etc. Akhand Jyoti Sansthan
Date of publication, distribution, etc. 1995
650 ## - SUBJECT ADDED ENTRY--TOPICAL TERM
Topical term or geographic name entry element Yug-parivertan
700 ## - ADDED ENTRY--PERSONAL NAME
Personal name Brahmverchsva
Holdings
Withdrawn status Lost status Damaged status Not for loan Permanent Location Current Location Date acquired Barcode Date last seen Price effective from Koha item type
        Indian Institute of Public Administration Indian Institute of Public Administration 2010-04-21 71708 2018-07-21 2018-07-21 Book

Powered by Koha